000 00222nam a2200097Ia 4500
008 190216s9999||||xx |||||||||||||| ||und||
100 _aBhaskaran Nair Chepad
245 0 _aAdhunika Shashthram
260 _bNull
942 _cBK
999 _c24474
_d24474